|
|
|
|
| LEADER |
02411nam a2200661 i 4500 |
| 001 |
nkc20162792589 |
| 003 |
CZ PrNK |
| 005 |
20160606084138.0 |
| 007 |
ta |
| 008 |
160414t20162016xr a b 000 0 cze |
| 015 |
|
|
|a cnb002792589
|
| 020 |
|
|
|a 978-80-00-04086-8
|q (vázáno)
|
| 035 |
|
|
|a (OCoLC)951554153
|
| 040 |
|
|
|a BOA001
|b cze
|d ABA001
|e rda
|
| 072 |
|
7 |
|a 638
|x Včelařství
|2 Konspekt
|9 24
|
| 072 |
|
7 |
|a 0/9-053.2
|x Literatura pro děti a mládež (naučná)
|2 Konspekt
|9 26
|
| 080 |
|
|
|a 595.799
|2 MRF
|
| 080 |
|
|
|a 638.12
|2 MRF
|
| 080 |
|
|
|a 591.5
|2 MRF
|
| 080 |
|
|
|a 638.1
|2 MRF
|
| 080 |
|
|
|a (0.024.7)
|2 MRF
|
| 080 |
|
|
|a (0.062)
|2 MRF
|
| 080 |
|
|
|a (0.053.2)
|2 MRF
|
| 100 |
1 |
|
|a Petřeková, Jitka,
|d 1979-
|7 mzk2016910856
|4 aut
|
| 245 |
1 |
0 |
|a Včelí úl /
|c napsala Jitka Petřeková ; ilustroval Tomáš Tůma
|
| 246 |
3 |
|
|a Encyklopedie včel
|
| 250 |
|
|
|a První vydání
|
| 264 |
|
1 |
|a V Praze :
|b Albatros,
|c [2016]
|
| 264 |
|
4 |
|c ©2016
|
| 300 |
|
|
|a 15 stran :
|b barevné ilustrace ;
|c 26 cm
|
| 336 |
|
|
|a text
|b txt
|2 rdacontent
|
| 336 |
|
|
|a statický obraz
|b sti
|2 rdacontent
|
| 337 |
|
|
|a bez média
|b n
|2 rdamedia
|
| 338 |
|
|
|a svazek
|b nc
|2 rdacarrier
|
| 500 |
|
|
|a Název z obálky
|
| 500 |
|
|
|a Pro nakladatelství Albatros v Praze ve společnosti Albatros Media a.s. připravilo nakladatelství B4U Publishing roku 2016
|
| 500 |
|
|
|a Do pevných desek vlepená brožura a prostorový model včelího úlu na kartonových listech
|
| 650 |
0 |
7 |
|a včela
|7 ph402617
|2 czenas
|
| 650 |
0 |
7 |
|a ekologie živočichů
|7 ph114419
|2 czenas
|
| 650 |
0 |
7 |
|a včelařství
|7 ph116666
|2 czenas
|
| 650 |
0 |
9 |
|a bees
|2 eczenas
|
| 650 |
0 |
9 |
|a animal ecology
|2 eczenas
|
| 650 |
0 |
9 |
|a bee culture
|2 eczenas
|
| 655 |
|
7 |
|a prostorové publikace
|7 fd133144
|2 czenas
|
| 655 |
|
7 |
|a populárně-naučné publikace
|7 fd131864
|2 czenas
|
| 655 |
|
7 |
|a publikace pro děti
|7 fd133156
|2 czenas
|
| 655 |
|
9 |
|a pop-up picture books
|2 eczenas
|
| 655 |
|
9 |
|a popular works
|2 eczenas
|
| 655 |
|
9 |
|a children's literature
|2 eczenas
|
| 700 |
1 |
|
|a Tůma, Tomáš,
|d 1974-
|7 mzk2003203302
|4 ill
|
| 710 |
2 |
|
|a Nakladatelství Albatros
|7 kn20010724027
|4 isb
|
| 910 |
2 |
|
|a BOA001
|b 3-1364.952
|
| 928 |
9 |
|
|a B4U Publishing
|
| 928 |
9 |
|
|a Albatros Media - Albatros
|
| 990 |
|
|
|a BK
|
| 995 |
|
|
|a 01
|
| 991 |
|
|
|b 201604
|c NOV
|
| 996 |
6 |
|
|b 2610668269
|c 3-1364.952
|l MZK
|r Sklad / do 1 hodiny
|n 9
|p p.v.
|w 001556817
|u 000010
|a 1
|e BOA001
|j MZK50
|s P
|